[Event "Deizisau op 3rd"]
[Site "Deizisau"]
[Date "2008.10.30"]
[Round "3"]
[White "Vaysberg, Alexander"]
[Black "Reichert, Manuel"]
[Result "1-0"]
[WhiteElo "2156"]
[BlackElo "1948"]
[PlyCount "81"]
[EventDate "2008.10.29"]
[EventType "swiss"]
[EventRounds "7"]
[EventCountry "GER"]
[SourceTitle "EXT 2009"]
[Source "ChessBase"]
[SourceDate "2008.11.26"]
[SourceVersion "1"]
[SourceVersionDate "2008.11.26"]
[SourceQuality "1"]

1. e4 c5 2. Nf3 e6 3. d4 cxd4 4. Nxd4 Nc6 5. Nc3 Qc7 6. Be3 a6 7. Be2 Nf6 8. 0-0 Bb4 9. f3 0-0 10. Kh1 d5 11. Nxc6 bxc6 12. Bd3 e5 13. Bg5 d4 14. Ne2 Be7 15. Ng3 Ne8 16. Bxe7 Qxe7 17. f4 Nd6 18. fxe5 Qxe5 19. Qf3 g6 20. Qf6 Re8 21. Rf4 Ra7 22. Raf1 Rae7 23. h3 c5 24. Qxe5 Rxe5 25. Rf6 R8e6 26. b3 Kg7 27. R6f4 Bb7 28. Kh2 a5 29. R4f2 Re7 30. Rf6 R7e6 31. R6f4 h5 32. h4 Re7 33. Rf6 R7e6 34. R6f2 Re7 35. Rf6 Nxe4 36. Nxe4 Bxe4 37. Bxe4 Rxe4 38. Rc6 Rxh4+ 39. Kg1 a4 40. Rxc5 axb3 41. axb3 1-0

[Event "GER-ch U25 op"]
[Site "Willingen"]
[Date "2008.05.16"]
[Round "8"]
[White "Werner, Patrick2222"]
[Black "Reichert, Manuel"]
[Result "1/2-1/2"]
[WhiteElo "1754"]
[BlackElo "1946"]
[PlyCount "40"]
[EventDate "2008.05.11"]
[EventType "swiss"]
[EventRounds "9"]
[EventCountry "GER"]
[SourceTitle "CBM 124 Extra"]
[Source "ChessBase"]
[SourceDate "2008.07.03"]
[SourceVersion "1"]
[SourceVersionDate "2008.07.03"]
[SourceQuality "1"]

1. e4 c5 2. Nf3 Nc6 3. d4 cxd4 4. Nxd4 g6 5. Nc3 Bg7 6. Be3 Nf6 7. Bc4 Qa5 8. 0-0 0-0 9. f3 d6 10. Qd2 Bd7 11. Nxc6 bxc6 12. Rad1 Rfe8 13. Rfe1 Bc8 14. Bb3 Ba6 15. Bh6 Bh8 16. e5 dxe5 17. Bg5 e6 18. Rxe5 Qb6+ 19. Kh1 Nd5 20. Na4 Qc7 1/2-1/2

[Event "Stuttgart-chA int"]
[Site "Ditzingen"]
[Date "2008.05.03"]
[Round "5"]
[White "Rempeli, Alexander"]
[Black "Reichert, Manuel"]
[Result "1/2-1/2"]
[WhiteElo "1713"]
[BlackElo "1946"]
[PlyCount "50"]
[EventDate "2008.05.01"]
[EventType "swiss"]
[EventRounds "7"]
[EventCountry "GER"]
[SourceTitle "EXT 2018"]
[Source "ChessBase"]
[SourceDate "2017.10.13"]
[SourceVersion "1"]
[SourceVersionDate "2017.10.13"]
[SourceQuality "1"]

1. d4 Nf6 2. c4 g6 3. Nc3 d5 4. cxd5 Nxd5 5. e4 Nxc3 6. bxc3 Bg7 7. Bc4 c5 8. Ne2 Nc6 9. Be3 0-0 10. 0-0 Bg4 11. f3 Na5 12. Bxf7+ Rxf7 13. fxg4 Rxf1+ 14. Kxf1 cxd4 15. cxd4 e5 16. d5 Nc4 17. Bf2 Qf6 18. Kg1 Bh6 19. Qd3 Rc8 20. h4 Qa6 21. g5 Bf8 22. Ng3 Ba3 23. Qb3 Nd2 24. Qe3 Bb2 25. Rd1 Nc4 1/2-1/2

[Event "Stuttgart-chA int"]
[Site "Ditzingen"]
[Date "2006.05.25"]
[Round "2"]
[White "Reichert, Manuel"]
[Black "Augner, Bjoern"]
[Result "0-1"]
[WhiteElo "1693"]
[BlackElo "1971"]
[PlyCount "54"]
[EventDate "2006.05.25"]
[EventType "swiss"]
[EventRounds "7"]
[EventCountry "GER"]
[SourceTitle "EXT 2018"]
[Source "ChessBase"]
[SourceDate "2017.10.13"]
[SourceVersion "1"]
[SourceVersionDate "2017.10.13"]
[SourceQuality "1"]

1. c4 Nf6 2. d4 g6 3. Nc3 d5 4. cxd5 Nxd5 5. e4 Nxc3 6. bxc3 Bg7 7. Bc4 0-0 8. Ne2 c5 9. 0-0 Nc6 10. Be3 cxd4 11. cxd4 b6 12. Qd2 Bb7 13. f3 Rc8 14. Rac1 Qd6 15. d5 Na5 16. Bd3 Rfd8 17. Bf4 Qa3 18. Rxc8 Rxc8 19. Rc1 Rxc1+ 20. Nxc1 Nc4 21. Bxc4 Qc5+ 22. Be3 Qxc4 23. Nb3 Ba6 24. Kf2 Be5 25. f4 Bc3 26. Qc1 Qe2+ 27. Kg1 Bb2 0-1

[Event "Wuerttemberg-ch U16"]
[Site "Friedrichshafen"]
[Date "2005.04.02"]
[Round "7"]
[White "Filenberg, Maksim"]
[Black "Reichert, Manuel"]
[Result "1/2-1/2"]
[WhiteElo "1413"]
[BlackElo "1467"]
[PlyCount "49"]
[EventDate "2005.03.29"]
[EventType "swiss"]
[EventRounds "7"]
[EventCountry "GER"]
[SourceTitle "EXT 2007"]
[Source "ChessBase"]
[SourceDate "2006.11.23"]
[SourceVersion "1"]
[SourceVersionDate "2006.11.23"]
[SourceQuality "1"]

1. c4 e5 2. Nc3 Nf6 3. g3 d5 4. cxd5 Nxd5 5. Bg2 Be6 6. Nf3 Nc6 7. d3 Qd7 8. a3 Be7 9. Qd2 f6 10. b4 g5 11. Qc2 h5 12. h4 g4 13. Nd2 f5 14. Nc4 Nxc3 15. Qxc3 a6 16. Bb2 Bd6 17. Nxd6+ cxd6 18. Bxc6 Qxc6 19. Qxc6+ bxc6 20. Rc1 Kd7 21. d4 Bd5 22. Rg1 e4 23. Bc3 Rac8 24. Kd2 Rhf8 25. e3 1/2-1/2

[Event "Wuerttemberg-ch U16"]
[Site "Friedrichshafen"]
[Date "2005.03.30"]
[Round "3"]
[White "Fischer, Patrick"]
[Black "Reichert, Manuel"]
[Result "1/2-1/2"]
[WhiteElo "1709"]
[BlackElo "1467"]
[PlyCount "87"]
[EventDate "2005.03.29"]
[EventType "swiss"]
[EventRounds "7"]
[EventCountry "GER"]
[SourceTitle "EXT 2007"]
[Source "ChessBase"]
[SourceDate "2006.11.23"]
[SourceVersion "1"]
[SourceVersionDate "2006.11.23"]
[SourceQuality "1"]

1. e4 c5 2. Nc3 Nc6 3. g3 g6 4. Bg2 Bg7 5. f4 d6 6. Nf3 Bg4 7. 0-0 Nf6 8. d3 0-0 9. Be3 a6 10. h3 Bxf3 11. Qxf3 e6 12. Rab1 Qe7 13. Qf2 b6 14. e5 Nd5 15. Bxd5 exd5 16. Nxd5 Qd8 17. exd6 Nd4 18. c3 Qxd6 19. cxd4 cxd4 20. Bxd4 Qxd5 21. Bxg7 Kxg7 22. Qxb6 Qxd3 23. Qf2 Rfe8 24. Rfd1 Qb5 25. Qd4+ Kg8 26. Re1 Red8 27. Qf2 Rab8 28. Rbd1 Rxd1 29. Rxd1 Qxb2 30. Rd8+ Kg7 31. Rxb8 Qxb8 32. Qd4+ Kg8 33. Qd2 Qb6+ 34. Qf2 Qxf2+ 35. Kxf2 Kf8 36. Ke3 Ke7 37. g4 f6 38. Ke4 Kd6 39. f5 g5 40. Kd4 Kc6 41. Kc4 Kd6 42. Kb4 Kc6 43. Ka5 Kb7 44. a3 1/2-1/2

[Event "Wuerttemberg-ch U16"]
[Site "Friedrichshafen"]
[Date "2005.03.29"]
[Round "1"]
[White "Daut, Matthias"]
[Black "Reichert, Manuel"]
[Result "1/2-1/2"]
[WhiteElo "2008"]
[BlackElo "1467"]
[PlyCount "65"]
[EventDate "2005.03.29"]
[EventType "swiss"]
[EventRounds "7"]
[EventCountry "GER"]
[SourceTitle "EXT 2007"]
[Source "ChessBase"]
[SourceDate "2006.11.23"]
[SourceVersion "1"]
[SourceVersionDate "2006.11.23"]
[SourceQuality "1"]

1. d4 d5 2. c4 e6 3. Nc3 Nf6 4. cxd5 exd5 5. Bg5 Be6 6. Qc2 Be7 7. e3 0-0 8. Bd3 Nbd7 9. Nf3 c5 10. dxc5 Nxc5 11. 0-0 Nxd3 12. Qxd3 Bb4 13. Rfd1 Bxc3 14. bxc3 Rc8 15. Qd4 a6 16. Qe5 Re8 17. Rd3 Bg4 18. Qf4 Re4 19. Bxf6 Qxf6 20. Qxf6 gxf6 21. Nd4 Re7 22. h3 Be6 23. Ne2 Rec7 24. Kf1 Kg7 25. Ke1 f5 26. Kd2 Kf6 27. Rd4 Rc4 28. Rb1 b5 29. Rb4 Ke5 30. Rbxc4 Rxc4 31. Rxc4 dxc4 32. Nf4 a5 33. a3 1/2-1/2

[Event "Wuertemberg-ch U14"]
[Site "Germany"]
[Date "2004.04.17"]
[Round "7"]
[White "Daut, Matthias"]
[Black "Reichert, Manuel"]
[Result "1-0"]
[WhiteElo "1723"]
[BlackElo "1331"]
[PlyCount "109"]
[EventDate "2004.04.??"]
[EventType "swiss"]
[EventRounds "7"]
[EventCountry "GER"]
[SourceTitle "EXT 2005"]
[Source "ChessBase"]
[SourceDate "2004.11.15"]
[SourceVersion "1"]
[SourceVersionDate "2004.11.15"]
[SourceQuality "1"]

1. d4 d5 2. c4 Nf6 3. Nc3 e6 4. e3 Be7 5. Nge2 0-0 6. Nf4 b6 7. Bd3 Bb7 8. 0-0 Nbd7 9. cxd5 exd5 10. Qb3 c6 11. Rd1 Qc7 12. h3 Rfd8 13. Bd2 Nf8 14. Rac1 Qd7 15. Na4 Rac8 16. Bb4 Ne6 17. Bxe7 Qxe7 18. Nxe6 fxe6 19. Rc2 Rd7 20. Rdc1 Rdc7 21. Rc3 Ne8 22. Qc2 g6 23. a3 Qd7 24. b4 Kh8 25. Nb2 Qd6 26. Qa4 Ra8 27. Ba6 Bxa6 28. Qxa6 Rac8 29. Nd3 Kg8 30. Qa4 Nf6 31. f3 Nd7 32. Qc2 Kf8 33. Qd1 Ke7 34. Qe1 Ke8 35. R1c2 Nb8 36. Qc1 Nd7 37. f4 Ke7 38. Ne5 Nxe5 39. fxe5 Qd7 40. Qf1 Rf8 41. Qe2 Rfc8 42. Rc1 Rf8 43. b5 Rfc8 44. Rxc6 Rxc6 45. Rxc6 Rxc6 46. bxc6 Qxc6 47. Qd2 Qa4 48. Qc3 Qc4 49. Qe1 Kd7 50. Kh2 Qb3 51. Qh4 Qxa3 52. Qxh7+ Qe7 53. Qxg6 Qa3 54. Qf7+ Qe7 55. Qf1 1-0

[Event "Wuertemberg-ch U14"]
[Site "Germany"]
[Date "2004.04.13"]
[Round "1"]
[White "Bogenschuetze, Paul Max"]
[Black "Reichert, Manuel"]
[Result "1/2-1/2"]
[WhiteElo "1598"]
[BlackElo "1331"]
[PlyCount "45"]
[EventDate "2004.04.??"]
[EventType "swiss"]
[EventRounds "7"]
[EventCountry "GER"]
[SourceTitle "EXT 2005"]
[Source "ChessBase"]
[SourceDate "2004.11.15"]
[SourceVersion "1"]
[SourceVersionDate "2004.11.15"]
[SourceQuality "1"]

1. e4 c5 2. c3 Nc6 3. d4 cxd4 4. cxd4 e6 5. Nc3 Bb4 6. Nf3 Nf6 7. Bd3 0-0 8. 0-0 d5 9. e5 Bxc3 10. bxc3 Ne4 11. Bxe4 dxe4 12. Ng5 Qa5 13. Qc2 Bd7 14. Nxe4 Rac8 15. Ng5 g6 16. Ne4 Nxd4 17. Nf6+ Kh8 18. Qd2 Nf5 19. g4 Qxe5 20. Nxd7 Qe4 21. Nxf8 Qxg4+ 22. Kh1 Qf3+ 23. Kg1 1/2-1/2

[Event "Wuerttemberg-ch U14"]
[Site "Stuttgart"]
[Date "2003.04.23"]
[Round "3"]
[White "Wacker, Johannes"]
[Black "Reichert, Manuel"]
[Result "1-0"]
[WhiteElo "1363"]
[BlackElo "1196"]
[PlyCount "105"]
[EventDate "2003.04.??"]
[EventType "swiss"]
[EventRounds "7"]
[EventCountry "GER"]
[SourceTitle "EXT 2005"]
[Source "ChessBase"]
[SourceDate "2004.11.15"]
[SourceVersion "1"]
[SourceVersionDate "2004.11.15"]
[SourceQuality "1"]

1. d4 e6 2. e4 Nf6 3. Nc3 Nc6 4. Bg5 Be7 5. Nf3 0-0 6. Bb5 h6 7. Bh4 Re8 8. 0-0 b6 9. Re1 Bb7 10. Ne5 Nxe5 11. dxe5 Nd5 12. exd5 Bxh4 13. g3 Be7 14. dxe6 fxe6 15. Bxd7 Bf3 16. Bxe6+ Kh8 17. Qxf3 Rf8 18. Qc6 Bc5 19. Ne4 Qd4 20. c3 Qxe5 21. Nxc5 Qxc5 22. Qxc5 bxc5 23. Bh3 Rab8 24. Re7 Rxb2 25. f4 Rc2 26. Rxc7 Rxc3 27. Rxa7 Rd8 28. Rc7 Kg8 29. a4 Ra8 30. a5 c4 31. Be6+ Kf8 32. Rxc4 Rxc4 33. Bxc4 Ke7 34. a6 Ra7 35. Bd5 Kd6 36. Bb7 g5 37. fxg5 hxg5 38. Rc1 Kd7 39. Rc8 Kd6 40. Ra8 Rxa8 41. Bxa8 Kc7 42. Bb7 Kb8 43. h4 gxh4 44. gxh4 Ka7 45. h5 Kb6 46. h6 Ka7 47. h7 Kb6 48. h8Q Ka7 49. Qa8+ Kb6 50. Bh1 Ka5 51. Qb7 Ka4 52. a7 Ka5 53. a8R# 1-0